Lecciones de cosas, seres y fenómenos para los alumnos del segundo año de educación primaria elemental (Record no. 33990)

MARC details
000 -CABECERA
campo de control de longitud fija 00978nam a2200253 a 4500
003 - IDENTIFICADOR DEL NÚMERO DE CONTROL
campo de control MX-MxUPN
005 - FECHA Y HORA DE LA ÚLTIMA TRANSACCIÓN
campo de control 20240410063725.0
008 - ELEMENTOS DE LONGITUD FIJA--INFORMACIÓN GENERAL
campo de control de longitud fija 991125s1909 mx br 000 0 spa u
035 ## - NÚMERO DE CONTROL DEL SISTEMA
Número de control de sistema UPN01000033990
040 ## - FUENTE DE LA CATALOGACIÓN
Centro catalogador/agencia de origen MX-MxUPN
Lengua de catalogación spa
041 0# - CÓDIGO DE IDIOMA
Código de lengua del texto/banda sonora o título independiente spa
050 #4 - SIGNATURA TOPOGRÁFICA DE LA BIBLIOTECA DEL CONGRESO
Número de clasificación LB1585 M6.2
Número de documento/Ítem L6.4
100 1# - ASIENTO PRINCIPAL--NOMBRE PERSONAL
Nombre de persona León, Luis G.,
Fechas asociadas al nombre 1866-1913
9 (RLIN) 28986
245 10 - MENCIÓN DE TÍTULO
Título Lecciones de cosas, seres y fenómenos para los alumnos del segundo año de educación primaria elemental
260 ## - PUBLICACIÓN, DISTRIBUCIÓN, ETC.
Lugar de publicación, distribución, etc. México :
Nombre del editor, distribuidor, etc. Librería de la Vda. de Ch. Bouret,
Fecha de publicación, distribución, etc. 1909.
300 ## - DESCRIPCIÓN FÍSICA
Extensión 107 páginas :
Otras características físicas ilustraciones
506 ## - NOTA DE RESTRICCIONES AL ACCESO
Limitaciones de acceso Acceso abierto.
530 ## - NOTA DE FORMATO FÍSICO ADICIONAL DISPONIBLE
Nota de formato físico adicional disponible También disponible en línea.
536 ## - NOTA DE INFORMACIÓN SOBRE FINANCIAMIENTO
Texto de la nota Libros de texto digitalizados bajo el patrocinio del Instituto Georg-Eckert.
650 #4 - ASIENTO SECUNDARIO DE MATERIA - TERMINO TEMATICO
Término de materia o nombre geográfico como elemento de entrada Ciencias naturales
Subdivisión general Estudio y enseñanza (Elemental)
9 (RLIN) 2812
856 40 - LOCALIZACIÓN Y ACCESO ELECTRÓNICOS
Identificador Uniforme del Recurso <a href="http://200.23.113.51/pdf/librosdetexto/122803LeonLeccionesdecosasseresyfenomenos.pdf">http://200.23.113.51/pdf/librosdetexto/122803LeonLeccionesdecosasseresyfenomenos.pdf</a>
902 ## - ELEMENTOS DE DATOS B LOCAL, LDB (RLIN)
Modificó VíctorGodínez/091123
942 ## - ELEMENTOS DE PUNTO DE ACCESO ADICIONAL (KOHA)
Fuente del sistema de clasificación o colocación Library of Congress Classification
Tipo de ítem Koha Libro
Holdings
Estado de retiro Estado de pérdida Fuente del sistema de clasificación o colocación Estado dañado No para préstamo Código de colección Localización permanente Ubicación/localización actual Ubicación en estantería Fecha de adquisición Total de préstamos Clasificación Código de barras Fecha visto por última vez Fecha del último préstamo Tipo de ítem Koha Identificador Uniforme del Recurso Precio válido a partir de
    Library of Congress Classification   Coleccion Esp. Colección Especial Bib. Gregorio Torres Quintero Bib. Gregorio Torres Quintero Colección Especial 29/05/2023 1 LB1585 M6.2 L6.4 122803 09/06/2023 29/05/2023 Libro    
    Library of Congress Classification     Colección Libros de Texto GEI/UPN Bib. Gregorio Torres Quintero Bib. Gregorio Torres Quintero En línea 09/11/2023   LB1585   09/11/2023   Libro Electrónico http://200.23.113.51/pdf/librosdetexto/122803LeonLeccionesdecosasseresyfenomenos.pdf 09/11/2023